Religion Quiz

Random Religion or Verse Quiz
Score 0/31 Timer 10:00
0 Plays Today
Chapters Book % Correct
150Psalms
100%
66Isaiah
90.9%
52Jeremiah
81.8%
1Obadiah, Philemon, 2 John, 3 John, Jude
81.8%
50Genesis
72.7%
42Job
72.7%
40Exodus
72.7%
36Numbers & 2 Chronicles
72.7%
34Deuteronomy
72.7%
311 Samuel & Proverbs
72.7%
28Matthew & Acts
72.7%
27Leviticus
72.7%
24Joshua, 2 Samuel & Luke
72.7%
21Judges & John
72.7%
16Mark, Romans & 1 Corinthians
72.7%
13Nehemiah, 2 Corinthians & Hebrews
72.7%
Chapters Book % Correct
12Ecclesiastes & Daniel
72.7%
10Ezra & Esther
72.7%
6Galatians, Ephesians & 1 Timothy
72.7%
5Lamentations, 1 Thessalonians, James, 1 Peter, 1 John
72.7%
4Ruth, Jonah, Malachi, Philippians, Colossians, 2 Timothy
72.7%
3Joel, Nahum, Habakkuk, Zephaniah, 2 Thessalonians, Titus, 2 Peter
72.7%
291 Chronicles
63.6%
252 Kings
63.6%
221 Kings & Revelation
63.6%
14Hosea & Zechariah
63.6%
8Song of Songs
63.6%
48Ezekiel
54.5%
7Micah
54.5%
2Haggai
54.5%
9Amos
45.5%
Remove Ads.
Support Sporcle.
Get the best of Sporcle when you Go Orange. This ad-free experience offers more features, more stats, and more fun while also helping to support Sporcle. Thank you for becoming a member.

You're not logged in!

Compare scores with friends on all Sporcle quizzes.
OR
Log In

Sporcle TV

Today on Sporcle TV


Watch our educational content, quiz creation guides, and fun videos on Sporcle TV.

Show Comments

Extras

Created May 25, 2020ReportNominateIcon Source: Can't remember
Tags:Bible Quiz, Book Quiz, Numbers Quiz, Scripture Quiz, Verse Quiz, Chapter

Top Quizzes Today


Score Distribution

Paid Content

Your Account Isn't Verified!

In order to create a playlist on Sporcle, you need to verify the email address you used during registration. Go to your Sporcle Settings to finish the process.

Report this User

Report this user for behavior that violates our Community Guidelines.

Details: